| 000 | 00431nam a22001697a 4500 | ||
|---|---|---|---|
| 003 | CEME | ||
| 005 | 20210628205225.0 | ||
| 008 | 210216b xxu||||| |||| 00| 0 eng d | ||
| 020 | _a81-7169-325-3 | ||
| 040 | _c. | ||
| 082 | _a025.43 CLA'G | ||
| 100 |
_aGoswani, Inder Mohan _974460 |
||
| 245 | _aClassification of library science | ||
| 260 |
_aNEWDELHI _bCOMMONWEALTH PUBLISHERS _c1997 |
||
| 300 | _aX, 360P | ||
| 942 |
_cBK _2ddc |
||
| 999 |
_c579985 _d579985 |
||